000 00739nam a2200229Ia 4500
003 GCL
008 140319s9999 xx 000 0 ara d
020 _a2188232977
040 _aGCL /
_cGCL
082 0 4 _a815
_bم ا
100 1 _aمحمد لطفى جمعة
245 1 0 _aالاسلوب والخطابة عند العرب والافرنج /
_cمحمد لطفى جمعة
700 1 _aرابح لطفى جمعة
260 _aالقاهرة :
_bعالم الكتب الحديث ،
_c1999
300 _a191 ص ؛
_c20 سم
650 0 4 _aالادب العربى
650 0 4 _aالخطابة
650 0 4 _aالادب - تاريخ ونقد
650 0 4 _aالبلاغة
650 0 4 _aالخطابة العربية
942 _2ddc
_cBK
999 _c9453
_d9453